000 00910nam a2200265 a 4500
001 BRCA_8022
005 20190320210111.0
008 210314t1965----nyua###f##---#001-0#eng-#
041 _aeng
044 _anyu
050 4 _aNK2600
_b.D61
_c1965
100 1 _aDoménech, Rafael
_97829
245 1 0 _aAntique Spanish Furniture
_cby Rafael Doménech (Galissá) & Luis Pérez Bueno ; translated from the Spanish by Grace Hardendorff Burr.
260 _aNueva York
_bThe Archive Press
_c1965
300 _a142 p.
_bil., 60 láminas
_c31 cm.
500 _a3164
546 _aTexto en: inglés y español
650 1 4 _aMuebles españoles
_vCatálogos
_919928
650 1 4 _aMuebles antiguos
_vColección y coleccionistas
_zEspaña
_919929
700 1 _aPérez Bueno Luis
_ecoaut.
_911912
700 1 _aHardendorff Burr, Grace
_etr.
_910919
740 0 _aMuebles antiguos españoles
902 _aGFM
942 _2lcc
_cB
999 _c7691
_d7691